1948 : (Record no. 127087)
[ view plain ]
| 000 -LEADER | |
|---|---|
| campo de control de longitud fija | 01718nam a22002297a 4500 |
| 003 - IDENTIFICADOR DE NÚMERO DE CONTROL | |
| campo de control | BJBSDDR |
| 005 - FECHA Y HORA DE LA ÚLTIMA TRANSACCIÓN | |
| campo de control | 20260514101751.0 |
| 007 - CAMPO FIJO DE DESCRIPCIÓN FÍSICA--INFORMACIÓN GENERAL | |
| campo de control de longitud fija | ta |
| 008 - DATOS DE LONGITUD FIJA--INFORMACIÓN GENERAL | |
| campo de control de longitud fija | 260514s2011 nyu||||| |||| 00| 0 eng d |
| 020 ## - NÚMERO INTERNACIONAL ESTÁNDAR DEL LIBRO | |
| Número Internacional Estándar del Libro | 9781402767487 |
| 020 ## - NÚMERO INTERNACIONAL ESTÁNDAR DEL LIBRO | |
| Número Internacional Estándar del Libro | 140276748X |
| 040 ## - FUENTE DE CATALOGACIÓN | |
| Lengua de catalogación | spa |
| Centro/agencia transcriptor | BJBSDDR |
| 041 ## - CÓDIGO DE IDIOMA | |
| Código de lengua del texto/banda sonora o título independiente | eng |
| 050 ## - SIGNATURA TOPOGRÁFICA DE LA BIBLIOTECA DEL CONGRESO | |
| Número de ítem | P626 2011 |
| 100 1# - ENTRADA PRINCIPAL--NOMBRE DE PERSONA | |
| Nombre de persona | Pietrusza, David, |
| Fechas asociadas al nombre | 1949- |
| 9 (RLIN) | 11665 |
| 245 10 - MENCIÓN DEL TÍTULO | |
| Título | 1948 : |
| Resto del título | Harry Truman's improbable victory and the year that transformed America's role in the world / |
| Mención de responsabilidad, etc. | David Pietrusza |
| 260 ## - PUBLICACIÓN, DISTRIBUCIÓN, ETC. | |
| Lugar de publicación, distribución, etc. | New York : |
| Nombre del editor, distribuidor, etc. | Union Square Press, |
| Fecha de publicación, distribución, etc. | 2011 |
| 300 ## - DESCRIPCIÓN FÍSICA | |
| Extensión | xxiii, 520 pages |
| Otras características físicas | illustrations ; |
| Dimensiones | 24 cm |
| 520 ## - RESUMEN, ETC. | |
| Sumario, etc. | The 1948 election was a war for the soul of the Democratic Party, with accidental president Harry Truman pitted against Henry Wallace, his embittered left-wing predecessor as vice president, and young South Carolina segregationist Dixiecrat Strom Thurmond. On the GOP side, it's a four-way battle between cold-as-ice New Yorker Tom Dewey, Minnesota upstart Harold Stassen, stodgy but brilliant Ohio conservative Robert Taft, and imperious but aged Douglas MacArthur. Author David Pietrusza goes beyond the headlines to place in context a down-to-the-wire fight against the background of an erupting Cold War, the birth of Israel, storms over civil rights, and domestic communism. Featuring a stellar supporting cast: Alger Hiss, Whitaker Chambers, Richard Nixon, Hubert Humphrey, Earl Warren, Paul Robeson, Lillian Hellman, Pete Seeger, Eleanor Roosevelt, Joe McCarthy, Clark Clifford, William O. Douglas, George C. Marshall, John Foster Dulles, Adlai Stevenson, Lyndon Johnson, H.L. Mencken, Harold Ickes, Clare and Henry Luce, and Ronald Reagan. |
| 942 ## - ELEMENTOS DE ENTRADA SECUNDARIOS (KOHA) | |
| Fuente del sistema de clasificación o colocación | Clasificación de Library of Congress |
| Suprimir en OPAC | No |
| Tipo de ítem Koha | Libro |
| 946 ## - PROCESAMIENTO DE INFORMACIÓN LOCAL (OCLC) | |
| Iniciales del agente catalogador | cmc |
| Estatus retirado | Estado de pérdida | Fuente del sistema de clasificación o colocación | Estado de daño | No para préstamo | Colección | Biblioteca de origen | Biblioteca actual | Ubicación en estantería | Fecha de adquisición | Signatura topográfica completa | Código de barras | Visto por última vez | Copia número | Tipo de ítem Koha |
|---|---|---|---|---|---|---|---|---|---|---|---|---|---|---|
| Clasificación de Library of Congress | Automatización y Procesos Técnicos | Biblioteca Juan Bosch | Biblioteca Juan Bosch | Automatización y Procesos Técnicos (1er. Piso) | 14/05/2026 | P626 2011 | 00000199795 | 14/05/2026 | 1 | Libro |
